000 01236nam a2200289Ia 4500
003 GCL
005 20240530103534.0
008 140319s9999 xx 000 0 ara d
040 _aGCL /
_cGCL
082 0 4 _a301
_bخ م
100 1 _aابن خلدون ، ولى الدين ابوزيد عبدالرحمن بن محمد بن محمد بن محمد الاشبيلى
245 1 0 _aمقدمة ابن خلدون : لعبدالرحمن بن خلدون المتوفى سنة 808 - 1406م /
_cابن خلدون ، ولى الدين ابوزيد عبدالرحمن بن محمد بن محمد بن محمد الاشبيلى ؛ اختيار رضوان ابراهيم ؛ مراجعة احمد زكى
300 _a328 ص
490 _aمختارات من تراثنا
_v0
650 0 4 _aالاسلام
650 0 4 _aالخلافة
650 0 4 _aالشريعة الاسلامية
650 0 4 _aالبدو
650 0 4 _aالملوك والحكام
650 0 4 _aالعلوم عند العرب
650 0 4 _aالجغرافيا البشرية
650 0 4 _aالاجتماع، علم
650 0 4 _aالشريعة
700 1 _aاحمد زكى
_eمراجع
700 1 _aرضوان ابراهيم
_eاختيار
942 _2ddc
_cBK
999 _c40435
_d40435